000 00249nam a2200097Ia 4500
001 643308
005 20250826153543.0
008 250824s9999 xx 000 0 und d
245 0 _aSUMARNA 1 ÇOCUK MUHAFIZ
_cMEHMET BALTAOĞLU
260 _bGENÇ TİMAŞ
999 _c643308
_d643308